| 000 | 00588nam a2200205Ia 4500 | ||
|---|---|---|---|
| 003 | GCL | ||
| 008 | 140319s9999 xx 000 0 ara d | ||
| 040 |
_aGCL / _cGCL |
||
| 082 | 0 | 4 |
_a346.07 _bا ا |
| 100 | 1 | _aابوزيد رضوان | |
| 245 | 1 | 0 |
_aالاوراق التجارية / _cابوزيد رضوان |
| 260 |
_a[S.N] : _bدار الفكر العربى |
||
| 300 | _a328 ص | ||
| 490 | _a | ||
| 650 | 0 | 4 | _aالقانون |
| 650 | 0 | 4 | _aالاوراق التجارية |
| 650 | 0 | 4 | _aالقانون البحرى |
| 650 | 0 | 4 | _aالقانون التجارى |
| 942 |
_2ddc _cBK |
||
| 999 |
_c56216 _d56216 |
||